000 03680cam a22005414i 4500
003 PE-LiUPU
005 20250731184114.0
008 150706s2009 pe a r 000 0 d
020 _a9786124011143
035 _a(Sirsi) i9786124011143
040 _aPE-LiUPU
_bspa
_cPE-LiUPU
_erda
049 _aPRUA
082 0 4 _a869.56079
_bANR
_221
082 0 4 _a869.560
_bM22 2009
110 2 _aAsamblea Nacional de Rectores
245 1 0 _aPrimeros juegos florales de la universidad peruana /
_cMaría Mandujano Ramos.
264 1 _aLima :
_bGráfica Carrald,
_c[2009].
300 _a374 páginas ;
_c24 centímetros
336 _atext
_2rdacontent
337 _aunmediated
_2rdamedia
338 _avolume
_2rdacarrier
505 0 _aPoesía -- Danza finita de puntos sucesivos -- Poemario de Lucybell -- Celestización de septuagenario -- Poemas perdidos turtupilin -- Gara/batos y otras líneas -- Soundtrack -- Los mecanismos de la soledad -- Tsantsa de Uwak -- Cuento -- Entrelíneas de un desierto -- El huayco que te ha de llevar -- Yo también la quería -- El chico sólo quiere un arma -- Luz sumergida en el agua -- El hombre sin ombligo -- Ensayo -- El problema de la cultura organizacional anómica de la universidad peruana y su repercusión negativa en el desarrollo del país -- La universidad peruana y el desarrollo nacional: conflictos y posibilidades -- La universidad peruana en el siglo XXI: entre el relativismo multicultural y el universalismo precario de la globalización -- Universidad peruana: modernidad y tradición. La imposición de la memoria -- Los peruanos somos desmañados en el uso del lenguaje.
526 _aP145
526 _aP127
526 _aP97
526 _aP14
526 _aP07
650 0 4 _aCuentos peruanos
_ySigloXXI
_vColecciones.
650 0 4 _aJuegos Florales.
650 0 4 _aPoesias peruanas
_ySigloXXI
_vColecciones.
700 1 _aMandujano Ramos, María,
_eed.
910 _bjck
_d20110404
910 _tqv
_d20171011
942 _2ddc
_cBOOK
949 _a869.56079 ANR
_wDEWEY
_c1
_i62697
_lCCODEBUL1
_mBUL
_p15.00
_r0
_sY
_tBOOK
_u2015-7-6
_xEDUCACION
_zUNKNOWN
_0COMPRA
_o.STAFF. Colección General
949 _a869.56079 ANR
_wDEWEY
_c2
_i62696
_lCCODEBUL1
_mBUL
_p15.00
_r0
_sY
_tBOOK
_u2015-7-6
_xEDUCACION
_zUNKNOWN
_0COMPRA
_o.STAFF. Colección General
949 _a869.560 M22 2009
_wDEWEY
_c1
_iFJ08914
_lCCODEBUJ1
_mBUJ
_p15.00
_r0
_sY
_tBOOK
_u2017-10-11
_xEDUCACIÓN
_PP14
_0COMPRA
_o.STAFF. Colección General Juliaca
949 _a869.560 M22 2009
_wDEWEY
_c2
_iFJ08915
_lCCODEBUJ1
_mBUJ
_p15.00
_r0
_sY
_tBOOK
_u2017-10-11
_xEDUCACIÓN
_PP14
_0COMPRA
_o.STAFF. Colección General Juliaca
994 _aC0
_bPEPRU
596 _a1 3
999 _a869.56079 ANR
_wDEWEY
_c51789
_i62697
_f2021-11-9
_g5
_lCCODEBUL1
_mBUL
_p15.00
_r0
_sY
_tBOOK
_u2015-7-6
_xEDUCACION
_zUNKNOWN
_0COMPRA
_o.STAFF. Colección General
_d51789
999 _a869.56079 ANR
_wDEWEY
_c2
_i62696
_f2021-11-9
_g5
_lCCODEBUL1
_mBUL
_p15.00
_r0
_sY
_tBOOK
_u2015-7-6
_xEDUCACION
_zUNKNOWN
_0COMPRA
_o.STAFF. Colección General
999 _a869.560 M22 2009
_wDEWEY
_c1
_iFJ08914
_f2022-2-2
_g2
_lCCODEBUJ1
_mBUJ
_p15.00
_r0
_sY
_tBOOK
_u2017-10-11
_xEDUCACION
_PP14
_0COMPRA
_o.STAFF. Colección General Juliaca
999 _a869.560 M22 2009
_wDEWEY
_c2
_iFJ08915
_f2022-2-2
_g2
_lCCODEBUJ1
_mBUJ
_p15.00
_r0
_sY
_tBOOK
_u2017-10-11
_xEDUCACION
_PP14
_0COMPRA
_o.STAFF. Colección General Juliaca
980 _81
_gALBERTO SANCHEZ Responsable de Automatización